|
|
|
|
| LEADER |
01280nam a2200241 a 4500 |
| 001 |
GR-Patra16692 |
| 008 |
040114s2003 gr e 000 0 gre d |
| 020 |
|
|
|a 9602720522
|
| 040 |
|
|
|a GrPaTEI
|b gre
|c GR-PaULI
|
| 040 |
|
|
|a GrPaTEI
|b gre
|c GR-PaULI
|
| 082 |
|
0 |
|a 346.065
|2 21
|
| 245 |
0 |
0 |
|a Ανώνυμες εταιρίες :
|b Νομοθεσία, Νομολογία, Υποδείγματα ; Γενική επιμέλεια: Ιωάννης Κ. Δρυλλεράκης ; Συνεργασία: Βούλα Παπαδογάμβρου.
|
| 260 |
|
|
|a [Αθήνα] :
|b Νομική Βιβλιοθήκη,
|c 2003
|
| 300 |
|
|
|a 1083σ.
|
| 490 |
1 |
|
|a Πρακτική εφαρμογή εταιρικού δικαίου
|
| 650 |
|
4 |
|a Ανώνυμες εταιρίες
|x Δίκαιο και νομοθεσία
|
| 700 |
1 |
|
|a Δρυλλεράκης, Ιωάννης Κ.
|
| 710 |
0 |
|
|a Νομική Βιβλιοθήκη
|
| 830 |
|
0 |
|1 00116693
|1 2001
|a Πρακτική εφαρμογή εταιρικού δικαίου
|
| 942 |
|
|
|2 ddc
|
| 952 |
|
|
|0 0
|1 0
|2 ddc
|4 0
|6 346_065000000000000_ΑΝΩ
|7 0
|9 296304
|a LISK
|b LISK
|c BSC
|d 2021-01-17
|e 24
|f 0
|g 0.00
|l 0
|o 346.065 ΑΝΩ
|p 92410023143
|r 2021-01-17 00:00:00
|t 1
|w 2021-01-17
|y BK15
|x 20040114 0 1
|x GrPaTEI
|
| 971 |
|
|
|a .b26642074
|b 15-04-20
|c 23-09-16
|
| 999 |
|
|
|c 172714
|d 172714
|